| 000 | 01835fam a2200409 a 4500 | ||
|---|---|---|---|
| 001 | 1943773 | ||
| 003 | ARRUPE | ||
| 005 | 20160824114630.0 | ||
| 008 | 960605s1997 mdu b 001 0 eng | ||
| 010 | _a 96021007 //r96 | ||
| 020 | _a0847683257 (alk. paper) | ||
| 020 | _a0847683265 (pbk. : alk. paper) | ||
| 035 | _a(OCoLC)503177118 | ||
| 035 | _a(OCoLC)ocn503177118 | ||
| 035 | _a(NNC)1943773 | ||
| 040 |
_aDLC _cDLC _dDLC _dNNC _dOrLoB-B |
||
| 050 | 0 | 0 |
_aJC261.S58 _bR68 1997 |
| 082 | 0 | 0 |
_a322/.1 _220 |
| 100 | 1 |
_aRourke, Thomas R. _925468 |
|
| 245 | 1 | 2 |
_aA conscience as large as the world : _bYves Simon versus the Catholic neoconservatives / _cThomas R. Rourke. |
| 260 |
_aLanham, Md. : _bRowman & Littlefield Publishers, _c1997. |
||
| 300 |
_axiii, 287 p. ; _c24 cm. |
||
| 490 | 1 | _aReligious forces in the modern political world | |
| 504 | _aIncludes bibliographical references (p. 267-286) and index. | ||
| 505 | 0 | 0 |
_g1. _tIntroduction -- _g2. _tPractical Reason -- _g3. _tThe Political System -- _g4. _tThe Economic System -- _g5. _tThe Moral-Cultural System -- _g6. _tConclusion -- _gAppendix. _tEcclesiastical Documents. |
| 600 | 1 | 0 |
_aSimon, Yves René Marie, _d1903-1961 _xContributions in political science. _925469 |
| 600 | 1 | 0 |
_aNovak, Michael _xContributions in political science. _925470 |
| 600 | 1 | 0 |
_aNeuhaus, Richard John _xContributions in political science. _925471 |
| 600 | 1 | 0 |
_aWeigel, George _xContributions in political science. _925472 |
| 610 | 2 | 0 |
_aCatholic Church _xDoctrines. _925473 |
| 650 | 0 |
_aConservatism _xReligious aspects _xCatholic Church. _925474 |
|
| 650 | 0 |
_aChristian sociology _xCatholic Church. _925475 |
|
| 650 | 0 |
_aChristianity and politics _xCatholic Church. _925476 |
|
| 830 | 0 |
_aReligious forces in the modern political world. _925477 |
|
| 900 | _bTOC | ||
| 942 |
_2lcc _cMONOGRAPH |
||
| 999 |
_c125134 _d125134 |
||